[Event "?"]
[Site "?"]
[Date "2009.08.21"]
[Round "1.31"]
[White "Westphal, Gerhard"]
[Black "Wilde, Christian"]
[Result "1-0"]
[WhiteElo "1400"]
[BlackElo "962"]
[PlyCount "87"]
[EventDate "2009.??.??"]
[BlackTeam "Schachfreunde Köln-Longerich 195"]

1. e4 e6 2. d4 d5 3. exd5 exd5 4. Nf3 Nf6 5. Nc3 Be7 6. Bd3 c5 7. dxc5 Bxc5 8.
O-O O-O 9. Bg5 Be7 10. Bxf6 Bxf6 11. h3 d4 12. Ne4 Nc6 13. c3 dxc3 14. Nxc3
Bxc3 15. bxc3 Be6 16. Qc2 f5 17. Rfe1 Qf6 18. Qa4 Rad8 19. Rxe6 Qxe6 20. Bc4
Rd5 21. Bxd5 Qxd5 22. Rd1 Qe4 23. Qb3+ Kh8 24. Qxb7 Qc2 25. Qb3 Qxb3 26. axb3
a5 27. Rd6 Rc8 28. Rd5 g6 29. Rd7 Rb8 30. Nd2 Rd8 31. Rxd8+ Nxd8 32. Nc4 Nc6
33. Kf1 Kg7 34. Ke2 f4 35. Kf3 g5 36. Ke4 Kf6 37. Kd5 Ne7+ 38. Kc5 a4 39. bxa4
Nc8 40. a5 Ke7 41. Kc6 Kd8 42. Kb7 Kd7 43. Nb6+ Nxb6 44. axb6 1-0

[Event "?"]
[Site "?"]
[Date "2009.08.21"]
[Round "1.34"]
[White "Kaplun, David"]
[Black "Rieger, Isabelle"]
[Result "1-0"]
[WhiteElo "1527"]
[BlackElo "1321"]
[PlyCount "143"]
[EventDate "2009.??.??"]
[WhiteTeam "Schachclub Erkrath 1973"]
[BlackTeam "Schachverein Fideler Bauer Lever"]

1. d4 Nf6 2. c4 g6 3. Nc3 Bg7 4. e4 d6 5. f3 O-O 6. Be3 Nc6 7. Qd2 e5 8. d5 Ne7
9. g4 Ne8 10. Bh6 c6 11. h4 f5 12. exf5 gxf5 13. gxf5 Nxf5 14. Bxg7 Nexg7 15.
O-O-O c5 16. h5 Ng3 17. Rh2 N3xh5 18. Bd3 Bf5 19. Bxf5 Rxf5 20. Rg2 Nf4 21. Rg3
Rg5 22. Rxg5 Qxg5 23. Ne4 Qh6 24. Kb1 Nf5 25. Ne2 Nxe2 26. Qxe2 Kf7 27. Qd3 Qg6
28. a3 a5 29. Qb3 Rd8 30. Qxb7+ Ke8 31. Qb5+ Ke7 32. Qxa5 Qg2 33. Qc3 Rb8 34.
Rd2 Qf1+ 35. Ka2 Nd4 36. Qe3 Qxc4+ 37. Kb1 Qf1+ 38. Ka2 Qxf3 39. Qg5+ Kd7 40.
Qg7+ Kc8 41. Nxd6+ Kd8 42. Nf7+ Kc8 43. Nd6+ Kd8 44. Qxe5 Qb3+ 45. Kb1 Qa4 46.
Qh8+ Kc7 47. Qxh7+ Qd7 48. Qxd7+ Kxd7 49. Ne4 Nb3 50. Rc2 Rb5 51. Rc3 Kc7 52.
Ka2 Nd4 53. Rxc5+ Rxc5 54. Nxc5 Kd6 55. Nb3 Nb5 56. a4 Nc7 57. Nd2 Nxd5 58. Kb3
Kc5 59. Ne4+ Kb6 60. Nc3 Nc7 61. Kc4 Kc6 62. Nb5 Na6 63. b4 Kb6 64. a5+ Kc6 65.
Nd4+ Kb7 66. Ne6 Nxb4 67. Kxb4 Ka6 68. Ka4 Kb7 69. Kb5 Ka7 70. a6 Ka8 71. Kb6
Kb8 72. a7+ 1-0

[Event "?"]
[Site "?"]
[Date "2009.08.22"]
[Round "2"]
[White "Scholl, Martin"]
[Black "Mladenov, Svetlin"]
[Result "1-0"]
[WhiteElo "2004"]
[BlackElo "2415"]
[PlyCount "95"]
[EventDate "2009.??.??"]
[WhiteTeam "SV Altenbach e.V."]
[BlackTeam "SV Wattenscheid"]

1. c4 g6 2. Nc3 Bg7 3. d4 Nf6 4. e4 d6 5. f3 O-O 6. Be3 a6 7. Qd2 Nbd7 8. Bd3
c5 9. Nge2 b6 10. O-O cxd4 11. Nxd4 Bb7 12. Rac1 Rc8 13. b3 Re8 14. Rfd1 Qc7
15. Nd5 Qb8 16. Bf1 e6 17. Nxf6+ Nxf6 18. Ne2 d5 19. cxd5 exd5 20. Rxc8 Qxc8
21. e5 Nd7 22. Rc1 Qd8 23. f4 Nc5 24. b4 Ne6 25. Nd4 f6 26. Nxe6 Rxe6 27. exf6
Bxf6 28. Rd1 Qd6 29. Bd4 Re4 30. Bxf6 Qxf6 31. g3 Qe7 32. a3 d4 33. Kf2 Bc8 34.
Bd3 Bg4 35. Bxe4 Qxe4 36. Qd3 Qe3+ 37. Qxe3 dxe3+ 38. Ke1 Bxd1 39. Kxd1 Kf7 40.
Ke2 Ke6 41. Kxe3 Kd5 42. Kd3 a5 43. bxa5 bxa5 44. h3 h5 45. g4 hxg4 46. hxg4 a4
47. g5 Kd6 48. Kc4 1-0

[Event "?"]
[Site "?"]
[Date "2009.08.22"]
[Round "2.1"]
[White "Rotstein, Jefim"]
[Black "Reichelt, Frank"]
[Result "1-0"]
[WhiteElo "2226"]
[BlackElo "1917"]
[PlyCount "167"]
[EventDate "2009.??.??"]
[WhiteTeam "Schachfreunde Brück-Rath-Heumar"]
[BlackTeam "Ford-Schachfreunde Köln e.V."]

1. d4 Nf6 2. Nf3 d5 3. e3 e6 4. Bd3 c5 5. O-O Nc6 6. b3 Be7 7. Bb2 O-O 8. Nbd2
cxd4 9. exd4 Nb4 10. Be2 Ne4 11. a3 Nc6 12. Bd3 f5 13. b4 a6 14. Nb3 Bd6 15.
Ne5 Qh4 16. f3 Ng5 17. Qe1 Qxe1 18. Rfxe1 Bxe5 19. dxe5 Nf7 20. c4 dxc4 21.
Bxc4 b5 22. Bf1 Ne7 23. Nc5 Nd5 24. Rad1 Nd8 25. g3 Nb7 26. Nd3 Rd8 27. Bc1 h6
28. h4 Bd7 29. Nf4 Nxf4 30. Bxf4 Bc6 31. Kf2 Bd5 32. Rc1 Rac8 33. h5 Kf7 34.
Be3 Bb3 35. Rxc8 Rxc8 36. Rc1 Rxc1 37. Bxc1 Nd8 38. Ke3 Nc6 39. Bb2 Ke7 40. Bd3
Bd1 41. Bf1 Kd7 42. Bg2 Bb3 43. Bh3 Bc2 44. g4 fxg4 45. Bxg4 Bd1 46. Kd2 Bb3
47. f4 Bd5 48. Be2 Ke7 49. Kc3 Kd7 50. Bc1 Ne7 51. Be3 Nf5 52. Bf2 Be4 53. Bg4
Kc6 54. Bc5 Kd5 55. Bd1 Kc6 56. Bf8 Ne3 57. Kd4 Nxd1 58. Kxe4 Nc3+ 59. Kf3 Nb1
60. Bxg7 Nxa3 61. Bxh6 Kd7 62. Bg5 a5 63. h6 axb4 64. h7 b3 65. h8=Q b2 66.
Qd8+ Kc6 67. Qd6+ Kb7 68. Qxa3 b1=Q 69. Qe7+ Kb8 70. Qxe6 b4 71. Qd6+ Kb7 72.
e6 b3 73. Bf6 Qf1+ 74. Kg4 Qg2+ 75. Kh5 b2 76. Qb4+ Kc6 77. Qc3+ Kd5 78. Qe5+
Kc6 79. Qxb2 Qh3+ 80. Kg6 Qxe6 81. Qe5 Qg4+ 82. Bg5 Qg2 83. f5 Qc2 84. Kg7 1-0

[Event "?"]
[Site "?"]
[Date "2009.08.22"]
[Round "2.2"]
[White "Freundlieb, Thomas"]
[Black "Marcziter, Dmitrii"]
[Result "0-1"]
[WhiteElo "1965"]
[BlackElo "2201"]
[PlyCount "106"]
[EventDate "2009.??.??"]
[WhiteTeam "Schachverein Bergneustadt/Dersch"]
[BlackTeam "Kölner Schachklub Dr. Lasker 186"]

1. d4 c5 2. e3 d5 3. c3 Nc6 4. Nf3 Nf6 5. Nbd2 Bf5 6. Be2 h6 7. Ne5 Nxe5 8.
dxe5 Nd7 9. f4 e6 10. O-O Be7 11. c4 O-O 12. Nf3 Nb6 13. b3 a5 14. Nd2 a4 15.
bxa4 Rxa4 16. g4 Bh7 17. cxd5 Qxd5 18. Bf3 Qd3 19. Qb3 Rb4 20. Qxd3 Bxd3 21.
Rd1 Bc2 22. Rf1 Nd5 23. Bxd5 exd5 24. Nf3 Ra8 25. Rf2 Be4 26. Nd2 Bd3 27. Nf3
Rba4 28. Rd2 Be4 29. Kf2 b5 30. Rb2 b4 31. Kg3 Ra3 32. Nd2 Rxe3+ 33. Kf2 Rea3
34. Nxe4 dxe4 35. Re2 R3a4 36. Rxe4 Rxa2+ 37. Rxa2 Rxa2+ 38. Re2 Ra4 39. Ke3 b3
40. Kd3 c4+ 41. Kc3 Bd8 42. Kd4 Bb6+ 43. Kd5 c3 44. f5 Kf8 45. f6 Ra1 46. Kc4
Rxc1 47. Kxb3 gxf6 48. exf6 Bd4 49. h3 Bxf6 50. Re3 Kg7 51. Rf3 Rb1+ 52. Kc2
Rb2+ 53. Kc1 Bg5+ 0-1

[Event "?"]
[Site "?"]
[Date "2009.08.22"]
[Round "2.3"]
[White "Hirth, Ulrich"]
[Black "Vandenbergen, Nicolas"]
[Result "1-0"]
[WhiteElo "1916"]
[BlackElo "2029"]
[PlyCount "83"]
[EventDate "2009.??.??"]
[WhiteTeam "Schachklub Turm Euskirchen 65"]
[BlackTeam "Schachklub Turm Euskirchen 65"]

1. e4 c5 2. Nf3 Nc6 3. Bb5 g6 4. O-O Bg7 5. c3 Nf6 6. Re1 Qb6 7. Ba4 O-O 8. d4
d6 9. h3 Nd7 10. d5 Nd8 11. Nbd2 Qc7 12. Bc2 b5 13. a4 bxa4 14. Nc4 Nb6 15.
Nxb6 axb6 16. Rxa4 Ra7 17. Bf4 b5 18. Rxa7 Qxa7 19. e5 dxe5 20. Nxe5 c4 21. Qa1
Qc5 22. Be4 e6 23. Rd1 f6 24. Nc6 e5 25. Be3 Qd6 26. Qa3 Nb7 27. Ne7+ Kh8 28.
Nxc8 Rxc8 29. Qa7 Nc5 30. Bxc5 Rxc5 31. Qa8+ Bf8 32. g4 Kg7 33. Ra1 Qd7 34. Ra6
Rc7 35. Qb8 Rb7 36. Qa8 Rc7 37. d6 Bxd6 38. Bc6 Qc8 39. Qxc8 Rxc8 40. Bd7 Rd8
41. Rxd6 Kf8 42. Rd5 1-0

[Event "?"]
[Site "?"]
[Date "2009.08.22"]
[Round "2.4"]
[White "Begri, Robert"]
[Black "Wulfken, Christof"]
[Result "1/2-1/2"]
[WhiteElo "2011"]
[BlackElo "1862"]
[PlyCount "108"]
[EventDate "2009.??.??"]
[WhiteTeam "Tischtennisclub Grün-Weiß-Fritzd"]
[BlackTeam "Godesberger Schachklub 1929 e.V."]

1. e4 c5 2. Nf3 d6 3. d4 cxd4 4. Qxd4 Nc6 5. Bb5 Bd7 6. Bxc6 Bxc6 7. Nc3 e5 8.
Qd3 h6 9. Be3 Nf6 10. O-O-O Ng4 11. Rhe1 Nxe3 12. Rxe3 Qa5 13. Nd2 b5 14. Nd5
Rc8 15. Nb3 Qxa2 16. Nb4 Qa4 17. Nxc6 Rxc6 18. Qd5 Qc4 19. Qxc4 Rxc4 20. Rd5 a6
21. Nd2 Rc6 22. Red3 Be7 23. b3 O-O 24. Kb2 Rfc8 25. c4 Rc5 26. Rxc5 dxc5 27.
Rd7 Rd8 28. Rxe7 Rxd2+ 29. Kc3 Rxf2 30. Rxe5 b4+ 31. Kd3 Rxg2 32. Rxc5 Rxh2 33.
Rc8+ Kh7 34. c5 Rh3+ 35. Kc4 a5 36. Ra8 Rc3+ 37. Kb5 Rxb3 38. Rxa5 Re3 39. c6
b3 40. Kc5 Rxe4 41. Kd6 g5 42. Rc5 b2 43. Rb5 Re2 44. c7 Rc2 45. Rxb2 Rxc7 46.
Kxc7 Kg6 47. Kd6 g4 48. Ke5 Kg5 49. Ke4 f5+ 50. Ke3 h5 51. Kf2 h4 52. Rb4 Kh5
53. Ra4 Kg5 54. Rb4 Kh5 1/2-1/2

[Event "?"]
[Site "?"]
[Date "2009.08.22"]
[Round "2.5"]
[White "Zotkin, Alexander"]
[Black "Evers, Leo"]
[Result "0-1"]
[WhiteElo "1931"]
[BlackElo "1953"]
[PlyCount "70"]
[EventDate "2009.??.??"]
[WhiteTeam "Schachfreunde Köln-Longerich 195"]
[BlackTeam "Schachfreunde Köln-Mülheim e.V."]

1. e4 c5 2. Nc3 Nc6 3. g3 g6 4. Bg2 Bg7 5. Nf3 Rb8 6. d3 b5 7. O-O b4 8. Ne2 d6
9. Rb1 e6 10. Bd2 Ba6 11. Ne1 Nge7 12. Qc1 O-O 13. Bh6 Rb6 14. Bxg7 Kxg7 15. b3
e5 16. f4 Nd4 17. Nxd4 cxd4 18. a3 Nc6 19. f5 f6 20. Ra1 Rf7 21. g4 g5 22. Kf2
bxa3 23. Rxa3 Nb4 24. Kg3 Rc7 25. Qb1 Qc8 26. Rf2 Bb5 27. Bf3 Rbc6 28. Bd1 Nxd3
29. Nxd3 Bxd3 30. cxd3 Rc1 31. Qa2 Rxd1 32. Rxa7 Rxd3+ 33. Kg2 Rdc3 34. Ra8 Qb7
35. b4 Qxe4+ 0-1

[Event "?"]
[Site "?"]
[Date "2009.08.22"]
[Round "2.6"]
[White "Eigemann, Julian"]
[Black "Stelzer, Wolfgang"]
[Result "1-0"]
[WhiteElo "1740"]
[BlackElo "1782"]
[PlyCount "57"]
[EventDate "2009.??.??"]
[WhiteTeam "Schachfreunde Köln-Mülheim e.V."]
[BlackTeam "SC Wittlich 1947"]

1. e4 c5 2. Nf3 d6 3. d3 Nc6 4. g3 g6 5. Bg2 Bg7 6. O-O e6 7. Nbd2 a6 8. Re1
Qc7 9. Nf1 Nge7 10. Ne3 O-O 11. h4 Nd4 12. Nxd4 cxd4 13. Ng4 e5 14. h5 Bxg4 15.
Qxg4 h6 16. hxg6 Nxg6 17. f4 exf4 18. gxf4 Kh7 19. Re2 Qc8 20. Qh5 Rh8 21. Bh3
Qc5 22. f5 Ne5 23. f6 Bf8 24. Bf5+ Ng6 25. Rh2 Qe5 26. Bg5 Kg8 27. Bxg6 Qxg5+
28. Qxg5 hxg5 29. Bxf7+ 1-0

[Event "?"]
[Site "?"]
[Date "2009.08.22"]
[Round "2.7"]
[White "Vasiljev, Jurij"]
[Black "Eigemann, Frederik"]
[Result "1-0"]
[WhiteElo "2095"]
[BlackElo "1767"]
[PlyCount "77"]
[EventDate "2009.??.??"]
[WhiteTeam "Schachfreunde Moers e.V."]
[BlackTeam "Schachfreunde Köln-Mülheim e.V."]

1. d4 e6 2. c4 Nf6 3. Nc3 Bb4 4. Qc2 c5 5. dxc5 Bxc5 6. Nf3 Qb6 7. e3 Qc7 8. a3
b6 9. b4 {[%emt 0:00:00]} Be7 10. Nb5 Qd8 11. Bb2 a6 12. Nbd4 Bb7 13. Bd3 d6
14. e4 Nbd7 15. O-O Rc8 16. Qe2 Qc7 17. Rac1 O-O 18. h3 Qb8 19. Rfd1 Qa8 20.
Re1 Rfe8 21. Kh2 a5 22. g3 Bf8 23. e5 dxe5 24. Nxe5 Nxe5 25. Qxe5 axb4 26. axb4
Bxb4 27. Red1 Qa5 28. Nb5 Rc5 29. Qe3 Rxb5 30. cxb5 Nd5 31. Qe4 f5 32. Qe5 Bf8
33. Bxf5 Qxb5 34. Bxe6+ Kh8 35. Ba1 Ba8 36. Qf5 Ba3 37. Rxd5 Bxd5 38. Bxg7+
Kxg7 39. Qf7+ 1-0

[Event "?"]
[Site "?"]
[Date "2009.08.22"]
[Round "2.8"]
[White "Proba, Stefan"]
[Black "Spisla, Dominik"]
[Result "1-0"]
[WhiteElo "2012"]
[BlackElo "1807"]
[PlyCount "61"]
[EventDate "2009.??.??"]
[WhiteTeam "Ford-Schachfreunde Köln e.V."]
[BlackTeam "Brackweder Schachklub von 1924"]

1. d4 d5 2. Nf3 c6 3. c4 Nf6 4. Nc3 g6 5. Bf4 Bg7 6. e3 a6 7. h3 Nbd7 8. cxd5
cxd5 9. Bd3 b5 10. Qb3 Nb6 11. a4 bxa4 12. Nxa4 Nxa4 13. Rxa4 Bd7 14. Ra2 O-O
15. O-O a5 16. Rc1 a4 17. Qb4 e6 18. Bc7 Qc8 19. Raa1 Re8 20. Bd6 Qd8 21. Ne5
Bf8 22. Bxf8 Rxf8 23. Qd6 Qb8 24. Qe7 Qd8 25. Qd6 Qb8 26. Qe7 Qd8 27. Qa3 Re8
28. Qd6 Qb8 29. Rc7 Ra7 30. Nxd7 Nxd7 31. Rxd7 1-0

[Event "?"]
[Site "?"]
[Date "2009.08.22"]
[Round "2.9"]
[White "Höck, Sebastian"]
[Black "Reinhard, Klaus"]
[Result "0-1"]
[WhiteElo "1850"]
[BlackElo "1868"]
[PlyCount "78"]
[EventDate "2009.??.??"]
[WhiteTeam "Brühler Schachklub 1920 e.V."]
[BlackTeam "vereinslos"]

1. c4 Nf6 2. Nc3 e5 3. Nf3 Nc6 4. g3 Bb4 5. Bg2 O-O 6. O-O Re8 7. d3 h6 8. a3
Bf8 9. b4 d6 10. e3 Rb8 11. d4 exd4 12. Nxd4 Ne5 13. Qe2 Bg4 14. f3 Bh5 15. h3
Bg6 16. Rd1 Qe7 17. f4 Ned7 18. Ndb5 Nb6 19. Nxa7 c6 20. Bxc6 bxc6 21. Nxc6 Qc7
22. Nxb8 Rxb8 23. Rd4 Rc8 24. Nb5 Qd7 25. c5 Qxh3 26. cxb6 Qxg3+ 27. Qg2 Rxc1+
28. Rxc1 Qxe3+ 29. Kh2 Qxc1 30. b7 Bf5 $3 31. b8=Q Ng4+ 32. Qxg4 (32. Kh3 Ne3+
33. Kg3 Nxg2) (32. Kg3 Qe1+ 33. Kh3 (33. Kf3 Qe3#) 33... Ne3+ 34. Kh2 Nxg2)
32... Bxg4 33. Qc7 Qf1 34. Qc2 (34. Nxd6 Qf2+ 35. Kh1 Bf3#) 34... Qxb5 35. Kg3
h5 36. Qd3 Qc6 37. Rc4 Qh1 38. Qe4 Qg1+ 39. Qg2 h4+ 0-1

[Event "?"]
[Site "?"]
[Date "2009.08.22"]
[Round "2.10"]
[White "Viganske, Christian"]
[Black "Lantsman, Boris"]
[Result "1/2-1/2"]
[WhiteElo "1866"]
[BlackElo "1890"]
[PlyCount "103"]
[EventDate "2009.??.??"]
[WhiteTeam "Schachklub Turm Euskirchen 65"]
[BlackTeam "Ford-Schachfreunde Köln e.V."]

1. e4 e5 2. Nf3 Nc6 3. Bb5 a6 4. Ba4 Nf6 5. O-O Be7 6. Re1 d6 7. c3 b5 8. Bc2
O-O 9. h3 h6 10. d4 Re8 11. Be3 Bf8 12. d5 Ne7 13. Nbd2 Ng6 14. a4 Bd7 15. a5
Qc8 16. Bd3 c5 17. dxc6 Bxc6 18. c4 Qb7 19. cxb5 axb5 20. Bb6 d5 21. exd5 Nxd5
22. Bxg6 fxg6 23. Nxe5 Nxb6 24. Nxc6 Rxe1+ 25. Qxe1 Qxc6 26. axb6 Re8 27. Qd1
Qxb6 28. Qb3+ Kh7 29. Qf7 Qe6 30. Qxe6 Rxe6 31. Kf1 Rc6 32. Ne4 Rc2 33. Rb1 b4
34. b3 g5 35. Ke1 Kg6 36. g4 Kf7 37. Rd1 Rb2 38. Rd3 Ke6 39. Nd2 Bc5 40. Ke2
Ra2 41. Kf3 Rc2 42. Ne4 Be7 43. Ke3 Bc5+ 44. Kf3 Be7 45. Ke3 Rc8 46. Rd4 Ra8
47. Kd3 Rc8 48. Rc4 Rd8+ 49. Ke3 Rd5 50. Rc6+ Kd7 51. Rc4 Ra5 52. Rd4+ 1/2-1/2

[Event "?"]
[Site "?"]
[Date "2009.08.22"]
[Round "2.11"]
[White "Wolff, Michael"]
[Black "Schlegel, Andreas"]
[Result "1-0"]
[WhiteElo "1944"]
[BlackElo "1684"]
[PlyCount "35"]
[EventDate "2009.??.??"]
[WhiteTeam "SC Matt im Park Ffm"]
[BlackTeam "Schachklub Kerpen 64 e.V."]

1. e4 e5 2. f4 d5 3. exd5 e4 4. d3 Nf6 5. Nd2 exd3 6. Bxd3 Qxd5 7. Ngf3 Qe6+ 8.
Ne5 Bc5 9. Bc4 Nd5 10. Ne4 c6 11. Nxc5 Qe7 12. Qe2 O-O 13. Ned3 Re8 14. Qxe7
Rxe7+ 15. Kf2 b6 16. Bxd5 cxd5 17. Nb3 Nc6 18. Bd2 1-0

[Event "?"]
[Site "?"]
[Date "2009.08.22"]
[Round "2.12"]
[White "Karwatzki, Hans-Jürgen"]
[Black "Calder, Dennis"]
[Result "0-1"]
[WhiteElo "1774"]
[BlackElo "1934"]
[PlyCount "62"]
[EventDate "2009.??.??"]
[WhiteTeam "Vereinigung der SF Stadtverw. Bo"]
[BlackTeam "Bremer SG von 1877"]

1. e4 e5 2. f4 d5 3. exd5 e4 4. d3 Nf6 5. dxe4 Nxe4 6. Nf3 Bc5 7. Bc4 O-O 8.
Ng5 Re8 9. Kf1 Qf6 10. d6 Nxg5 11. Qd5 Qe6 12. Qxe6 Bxe6 13. Bxe6 Nxe6 14. dxc7
Nxc7 15. Nc3 Nc6 16. g3 Rad8 17. Kg2 Nb4 18. Na4 Nxc2 19. Rb1 Re2+ 20. Kf3 Rf2+
21. Kg4 Be7 22. Nc3 h5+ 23. Kh3 Nd4 24. Be3 Rf3 25. Rhe1 Nc2 26. Bb6 Nxe1 27.
Bxc7 Nd3 28. Kg2 Rf2+ 29. Kg1 Rd7 30. Rd1 Bc5 31. Ne4 Rd2+ 0-1

[Event "?"]
[Site "?"]
[Date "2009.08.22"]
[Round "2.13"]
[White "Fabregas, Oliver"]
[Black "Kaplun, David"]
[Result "1-0"]
[WhiteElo "1857"]
[BlackElo "1527"]
[PlyCount "164"]
[EventDate "2009.??.??"]
[WhiteTeam "SV Laatzen"]
[BlackTeam "Schachclub Erkrath 1973"]

1. Nf3 d5 2. g3 Nc6 3. Bg2 e5 4. d3 Nf6 5. O-O Bc5 6. e3 Bg4 7. Qe1 O-O 8. a3
a5 9. Nbd2 Re8 10. Nb3 Bb6 11. e4 dxe4 12. dxe4 a4 13. Nbd2 Be6 14. h3 Ba5 15.
Qe2 Bxd2 16. Bxd2 Nd4 17. Nxd4 Qxd4 18. Bc3 Qc5 19. Rfd1 Rad8 20. Kh2 Bc4 21.
Qf3 Qb5 22. Qf5 Rxd1 23. Rxd1 Be2 24. Rd2 Bh5 25. Qg5 h6 26. Qe3 Bg6 27. f3 b6
28. Kg1 Nd7 29. Bf1 Qc6 30. Kf2 f5 31. Bb4 fxe4 32. fxe4 Nf6 33. Bd3 Bxe4 34.
Re2 Bxd3 35. Qxd3 Nd5 36. Be1 Rf8+ 37. Kg1 Qe6 38. Kh2 Nf6 39. Qb5 Qd7 40. Qc4+
Kh8 41. Rxe5 Qd6 42. Qe2 Qc6 43. Re6 Qd5 44. c4 Qd7 45. Re7 Qd6 46. Bc3 Nh5 47.
Re3 Nf6 48. Be5 Qc6 49. Bf4 Nd7 50. h4 Nf6 51. Re7 Rc8 52. Re6 Qd7 53. Bxh6 Qd4
54. Bf4 Qd7 55. Bg5 Nh7 56. Re7 Qd6 57. Qe5 Qg6 58. Bf4 Nf6 59. Qe2 c6 60. Bg5
Nh7 61. Be3 Qf6 62. Bxb6 Qf8 63. Bd4 Nf6 64. Re6 Rc7 65. Bxf6 gxf6 66. Re8 Qxe8
67. Qxe8+ Kg7 68. h5 c5 69. Qg6+ Kf8 70. Qxf6+ Rf7 71. Qxf7+ Kxf7 72. g4 Ke6
73. Kg3 Ke5 74. h6 Kd4 75. h7 Kxc4 76. h8=Q Kb3 77. g5 c4 78. g6 c3 79. Qxc3+
Ka2 80. g7 Ka1 81. g8=Q Kb1 82. Qg4 Ka1 1-0

[Event "?"]
[Site "?"]
[Date "2009.08.22"]
[Round "2.14"]
[White "Knütter, Helmut"]
[Black "Grothues-Lay, Kay"]
[Result "0-1"]
[WhiteElo "1626"]
[BlackElo "1852"]
[PlyCount "60"]
[EventDate "2009.??.??"]
[WhiteTeam "Schachklub Sülz-Klettenberg"]
[BlackTeam "Schachverein Erftstadt e.V."]

1. e4 c6 2. d4 d5 3. exd5 cxd5 4. Bd3 Nf6 5. Bf4 Nc6 6. c3 e6 7. Nf3 Bd6 8.
Bxd6 Qxd6 9. Nbd2 O-O 10. O-O a6 11. Re1 Ne7 12. Ne5 Ng6 13. Nf1 Nd7 14. Nxd7
Bxd7 15. g3 f5 16. Nd2 f4 17. Bxg6 hxg6 18. Nf3 Rf5 19. Ne5 fxg3 20. fxg3 Raf8
21. Nxg6 R8f6 22. Ne5 Bb5 23. Nd3 Rf3 24. Nf4 R3xf4 25. gxf4 Qxf4 26. Kh1 Rg6
27. Re5 Qf2 28. Qg1 Rxg1+ 29. Rxg1 Qf3+ 30. Rg2 Bf1 0-1

[Event "?"]
[Site "?"]
[Date "2009.08.22"]
[Round "2.15"]
[White "Gossmann, Jochen"]
[Black "Sewald, Jörg"]
[Result "0-1"]
[WhiteElo "1781"]
[BlackElo "1484"]
[PlyCount "130"]
[EventDate "2009.??.??"]
[WhiteTeam "Schachfreunde Köln-Mülheim e.V."]
[BlackTeam "Schachklub Köln-Worringen 1972"]

1. e4 d6 2. d4 Nd7 3. f4 e5 4. Nf3 exd4 {[%emt 0:00:00]} 5. Bc4 Nb6 6. Bb3 c5
7. c3 c4 8. Ba4+ Nxa4 9. Qxa4+ Bd7 10. Qxc4 dxc3 11. Nxc3 Rc8 12. Qd4 Qb6 13.
Qxb6 axb6 14. Be3 b5 15. Nd4 b4 16. Nd5 Nf6 17. Nxf6+ gxf6 18. O-O Be6 19. f5
Bc4 20. Rfd1 Kd7 21. b3 Ba6 22. Rd2 Re8 23. Nc2 Rxe4 24. Bd4 Bh6 25. Rdd1 Rg8
26. Bc5 Re2 27. Rxd6+ Kc7 28. Ne1 Be3+ 29. Bxe3 Kxd6 30. Bf4+ Kd5 31. g3 Ke4
32. Bd6 Rg5 33. Bxb4 Rxf5 34. Ng2 Rxa2 35. Re1+ Re2 36. Rd1 Rff2 37. Nf4 Rc2
38. Bc5 Rxh2 39. b4 Kf3 40. Bd6 h5 41. Rc1 Rhd2 42. Rxc2 Rxc2 43. Nxh5 Rd2 44.
Bf4 Rb2 45. Bd6 Bb5 46. Nxf6 Bc6 47. g4 Re2 48. Bc5 Kg3 49. Kf1 Re6 50. Bf2+
Kf3 51. Bd4 Bb5+ 52. Kg1 Be2 53. Kh2 Bf1 54. Kg1 Re1 55. Kh2 Bg2 56. Bg1 Rb1
57. Nd7 f6 58. b5 Rxb5 59. Nxf6 Rb1 60. Nd7 Bf1 61. g5 Rb2+ 62. Kh1 Kg3 63. Bd4
Rb1 64. Be5+ Kh3 65. Kg1 Bb5+ 0-1

[Event "?"]
[Site "?"]
[Date "2009.08.22"]
[Round "2.16"]
[White "Kronseder, Michael"]
[Black "Fieberg, Christoph"]
[Result "1-0"]
[WhiteElo "1489"]
[BlackElo "1779"]
[PlyCount "65"]
[EventDate "2009.??.??"]
[WhiteTeam "Schachverein 1925 Hürth-Berrenra"]
[BlackTeam "Bergische Schachfreunde 1923 Ber"]

1. Nf3 d5 2. c4 c6 3. g3 dxc4 4. Nc3 Nd7 5. Bg2 e5 6. a4 Ngf6 7. O-O Bb4 8. Qc2
O-O 9. Ne4 Qa5 10. Qxc4 Nd5 11. b3 N7b6 12. Qc2 f6 13. d3 Be6 14. Bd2 Rfe8 15.
Nd6 Re7 16. Rfc1 Bxd2 17. Qxd2 Qxd2 18. Nxd2 Nb4 19. a5 Nc8 20. N6c4 Rd7 21.
Ra4 Nd5 22. Ne4 Kf7 23. Nc5 Rc7 24. e4 Nde7 25. Rb4 Bxc4 26. bxc4 b6 27. Na6
Rd7 28. Rb3 bxa5 29. Bh3 Rd8 30. Nc7 Nb6 31. Nxa8 Rxa8 32. c5 Na4 33. Rc4 1-0

[Event "?"]
[Site "?"]
[Date "2009.08.22"]
[Round "2.17"]
[White "Röhlich, Dirk"]
[Black "Rehn, Hans Peter"]
[Result "1/2-1/2"]
[WhiteElo "1519"]
[BlackElo "1741"]
[PlyCount "67"]
[EventDate "2009.??.??"]
[WhiteTeam "SG Trier"]
[BlackTeam "SK Gründau"]

1. e4 d6 2. d4 Nf6 3. Nc3 g6 4. Nf3 Bg7 5. h3 a6 6. a4 Nc6 7. Bc4 O-O 8. O-O e6
9. Bb3 Qe8 10. Re1 Nd7 11. Be3 e5 12. Nd5 Qd8 13. Qd2 Nxd4 14. Nxd4 exd4 15.
Bxd4 Ne5 16. f4 c5 17. Bc3 Nc6 18. Bxg7 Kxg7 19. c3 Be6 20. Rad1 b5 21. Qf2 c4
22. Bc2 Bxd5 23. Rxd5 Ne7 24. Rd2 Nc8 25. Rd5 Rb8 26. axb5 axb5 27. e5 Qb6 28.
f5 Qxf2+ 29. Kxf2 dxe5 30. Rexe5 b4 31. Rb5 Rxb5 32. Rxb5 Rd8 33. Ke2 bxc3 34.
bxc3 1/2-1/2

[Event "?"]
[Site "?"]
[Date "2009.08.22"]
[Round "2.18"]
[White "Fimmers, Heinrich"]
[Black "Meul, Willi"]
[Result "1-0"]
[WhiteElo "1438"]
[BlackElo "1933"]
[PlyCount "71"]
[EventDate "2009.??.??"]
[WhiteTeam "Schachgemeinschaft Kalker/Deutze"]
[BlackTeam "Schachverein 1925 Hürth-Berrenra"]

1. d4 Nf6 2. c4 g6 3. Nc3 d5 4. cxd5 Nxd5 5. e4 Nxc3 6. bxc3 Bg7 7. Bc4 c5 8.
Ne2 O-O 9. O-O Nc6 10. Be3 cxd4 11. cxd4 Bg4 12. f3 Na5 13. Bxf7+ Rxf7 14. fxg4
Rxf1+ 15. Kxf1 Qd7 16. h3 Nc4 17. Qb3 Rc8 18. Rd1 Kh8 19. Kg1 Nxe3 20. Qxe3 Rc2
21. Rd2 Qa4 22. Rxc2 Qxc2 23. a3 b5 24. e5 a5 25. Qc3 Qxc3 26. Nxc3 b4 27. axb4
axb4 28. Nb1 e6 29. Kf2 Kg8 30. Ke3 Kf7 31. Kd3 Bh6 32. Nd2 Bf8 33. Ne4 Be7 34.
Kc4 g5 35. Nc5 Bxc5 36. dxc5 1-0

[Event "?"]
[Site "?"]
[Date "2009.08.22"]
[Round "2.19"]
[White "Knobeloch, Olaf"]
[Black "Neumann, Thomas"]
[Result "1-0"]
[WhiteElo "1429"]
[BlackElo "1682"]
[PlyCount "43"]
[EventDate "2009.??.??"]
[WhiteTeam "Pulheimer Sport-Club 1924/57 e.V"]
[BlackTeam "SF Schlebusch"]

1. d4 d5 2. c4 dxc4 3. e3 Nf6 4. Bxc4 e6 5. Nf3 a6 6. O-O b5 7. Bd3 Bb7 8. Nc3
Be7 9. Qc2 c5 10. dxc5 Bxc5 11. Ne4 Nxe4 12. Bxe4 Bxe4 13. Qxe4 Nd7 14. b4 Be7
15. Bb2 Bf6 16. Bxf6 Nxf6 17. Qc6+ Nd7 18. Rfd1 Qc8 19. Qd6 Ra7 20. Rac1 Qb7
21. Ne5 f6 22. Qxe6+ 1-0

[Event "?"]
[Site "?"]
[Date "2009.08.22"]
[Round "2.21"]
[White "Metul, Anton"]
[Black "Schwab, Wolfgang"]
[Result "0-1"]
[WhiteElo "1402"]
[BlackElo "1556"]
[PlyCount "114"]
[EventDate "2009.??.??"]
[WhiteTeam "Schachverein 1925 Hürth-Berrenra"]
[BlackTeam "Schachverein Turm Sankt Augustin"]

1. e4 c5 2. Nc3 e6 3. d3 d6 4. Bd2 Nf6 5. Nf3 Nbd7 6. h3 a6 7. a3 Be7 8. g4 h6
9. Rb1 b6 10. Bg2 Bb7 11. O-O Qc7 12. Bf4 Rc8 13. Re1 b5 14. Bg3 Nh7 15. Nh2
Bf6 16. Ne2 Qb6 17. c3 Ne5 18. Kh1 Ng6 19. Nf4 Nxf4 20. Bxf4 Nf8 21. Nf3 Ng6
22. Bg3 e5 23. Qd2 Qd8 24. Kh2 Nh4 25. Nxh4 Bxh4 26. Qe3 Bxg3+ 27. Qxg3 Qg5 28.
h4 Qf6 29. Re3 g5 30. Rf3 gxh4 31. Rxf6 hxg3+ 32. Kxg3 Ke7 33. Rf5 Rcg8 34. Rh1
Bc8 35. Rfh5 Bxg4 36. Rxh6 Be2+ 37. Kh2 Rxh6+ 38. Kg1 Rhg6 39. Rh2 Bf3 40. Kf1
Rxg2 41. Rxg2 Rxg2 42. b3 Rh2 43. Ke1 Rh1+ 44. Kd2 Ra1 45. Ke3 Bh5 46. f4 Rxa3
47. fxe5 Rxb3 48. exd6+ Kxd6 49. Kd2 b4 50. cxb4 Rxb4 51. Ke3 a5 52. Kf4 a4 53.
Kf5 a3 54. Kg5 Be2 55. Kf6 a2 56. e5+ Kd5 57. Kxf7 Kxe5 0-1